000 00361nam a22001457a 4500
003 OSt
005 20160727222417.0
008 160625b xxu||||| |||| 00| 0 eng d
040 _cTEST
100 _91155
_aCooke, D.C
245 _aYour Treasury Department
260 _aNEW YORK
_bA.W.W.NORTHAN BOOKS
_c1964
300 _aYour Treasury Department
942 _2ddc
_cBK
999 _c937
_d937